United States real estate review (Record no. 109412)
[ view plain ]
| 000 -LEADER | |
|---|---|
| fixed length control field | 01200cad a22002415a 4500 |
| 001 - CONTROL NUMBER | |
| control field | L147030 |
| 008 - FIXED-LENGTH DATA ELEMENTS--GENERAL INFORMATION | |
| fixed length control field | 090324s2009 xxkabdof s 000 0 eng d |
| 035 ## - SYSTEM CONTROL NUMBER | |
| System control number | (Sirsi) u147030 |
| 041 0# - LANGUAGE CODE | |
| Language code of text/sound track or separate title | eng |
| 050 04 - LIBRARY OF CONGRESS CALL NUMBER | |
| Classification number | 333.33 $2 18 |
| 110 2# - MAIN ENTRY--CORPORATE NAME | |
| Corporate name or jurisdiction name as entry element | Colliers International Property Consultants |
| 9 (RLIN) | 1881 |
| 245 00 - TITLE STATEMENT | |
| Title | United States real estate review |
| Remainder of title | 2009 |
| Medium | [electronic resource] |
| 260 ## - PUBLICATION, DISTRIBUTION, ETC. | |
| Place of publication, distribution, etc. | [S.l.] |
| Name of publisher, distributor, etc. | Colliers |
| Date of publication, distribution, etc. | 2009 |
| 490 #0 - SERIES STATEMENT | |
| Series statement | Colliers United States Real Estate Review |
| Volume/sequential designation | 2009 |
| 520 ## - SUMMARY, ETC. | |
| Summary, etc. | Reports that income-producing real estate weakened considerably during the second half of 2008 and expects this to continue through 2009. Considers that the two key issues are deteriorating fundamentals and the ability to refinance maturing debt and that they will both be challenging issues for investors and lenders alike. Concludes that the next up-cycle will be very different from the last. |
| 521 ## - TARGET AUDIENCE NOTE | |
| Target audience note | Advanced |
| 590 ## - LOCAL NOTE (RLIN) | |
| Local note | KA NTK |
| 650 24 - SUBJECT ADDED ENTRY--TOPICAL TERM | |
| Topical term or geographic name entry element | COLLIERS UNITED STATES REAL ESTATE REVIEW |
| 651 #4 - SUBJECT ADDED ENTRY--GEOGRAPHIC NAME | |
| Geographic name | United States |
| Chronological subdivision | 1959- |
| 690 ## - LOCAL SUBJECT ADDED ENTRY--TOPICAL TERM (OCLC, RLIN) | |
| Topical term or geographic name as entry element | PROPERTY-COMMERCIAL PROPERTY-COMMERCIAL PROPERTY MARKET |
| 856 40 - ELECTRONIC LOCATION AND ACCESS | |
| Uniform Resource Identifier | <a href="https://www.colliers.com/">https://www.colliers.com/</a> |
| Public note | View the report free of charge at www.colliers.com... |
| 942 ## - ADDED ENTRY ELEMENTS (KOHA) | |
| Suppress in OPAC | 0 |
| Withdrawn status | Lost status | Source of classification or shelving scheme | Damaged status | Not for loan | Home library | Current library | Shelving location | Date acquired | Total Checkouts | Full call number | Barcode | Date last seen | Copy number | Price effective from | Koha item type |
|---|---|---|---|---|---|---|---|---|---|---|---|---|---|---|---|
| Dewey Decimal Classification | Virtual | Virtual | Online | 24/03/2009 | ONLINE PUBLICATION | 147030-2001 | 06/08/2019 | 1 | 06/08/2019 | Book |